Mobile phones pricing structures and trends
Gespeichert in:
| Format: | Buch |
|---|---|
| Sprache: | Englisch |
| Veröffentlicht: |
Paris
OECD
2000
|
| Schriftenreihe: | Information society
|
| Schlagworte: | |
| Tags: |
Keine Tags, Fügen Sie das erste Tag hinzu!
|
MARC
| LEADER | 00000nam a2200000 4500 | ||
|---|---|---|---|
| 001 | c123882 | ||
| 005 | 20221221084502.1 | ||
| 020 | |a 92-64-18527-5 | ||
| 041 | 0 | |a eng | |
| 044 | |a FR | ||
| 245 | 1 | 0 | |a Mobile phones |b pricing structures and trends |
| 264 | 1 | |a Paris |b OECD |c 2000 | |
| 300 | |a 102 s. | ||
| 490 | 1 | |a Information society | |
| 830 | 0 | |a Information society | |
| 610 | 2 | 0 | |a komunikácia |
| 610 | 2 | 0 | |a telekomunikácie |
| 610 | 2 | 0 | |a telefón |
| 610 | 2 | 0 | |a ceny |
| 610 | 2 | 0 | |a politika cenová |
| 610 | 2 | 0 | |a trh |
| 610 | 2 | 0 | |a technika audiovizuálna |
| 610 | 2 | 0 | |a siete počítačové |
| 610 | 2 | 0 | |a náklady prevádzkové |
| 610 | 2 | 0 | |a údaje štatistické |
| 610 | 2 | 0 | |a porovnanie štatistické medzinárodné |
| 610 | 2 | 0 | |a systémy počítačové telekomunikačné |
| 610 | 2 | 0 | |a systémy informačné |
| 610 | 2 | 0 | |a prenos dát |
| 610 | 2 | 0 | |a OECD |